LEADER 01143nam a2200337 i 4500 001 991000718809707536 005 20020507172708.0 008 960430s1979 ne ||| | eng 020 $a0444853049 035 $ab10747655-39ule_inst 035 $aLE01301224$9ExL 040 $aDip.to Matematica$beng 082 0 $a515.72 084 $aAMS 58C30 084 $aAMS 58F14 100 1 $aIooss, Gérard$021040 245 10$aBifurcation of maps and applications /$cG. Iooss 260 $aAmsterdam :$bNorth-Holland,$c1979 300 $ax, 232 p. ;$c24 cm 490 0 $aNorth-Holland mathematics studies,$x0304-0208 ;$v36 500 $aBibliography: p. 229-232. 650 0$aBifurcation theory 650 0$aFixed point theorems on manifolds 650 0$aMappings 650 0$aNonlinear operators 907 $a.b10747655$b23-02-17$c28-06-02 912 $a991000718809707536 945 $aLE013 58F IOO11 (1979)$g1$i2013000047270$lle013$o-$pE0.00$q-$rl$s- $t0$u0$v0$w0$x0$y.i10840084$z28-06-02 996 $aBifurcation of maps and applications$934074 997 $aUNISALENTO 998 $ale013$b01-01-96$cm$da $e-$feng$gne $h0$i1 LEADER 02370nam0 2200469 i 450 001 VAN0065590 005 20220201090435.471 010 $a978-35-407-8545-3 100 $a20080919d2008 |0itac50 ba 101 $aeng 102 $aDE 105 $a|||| ||||| 200 1 $aInverse problems and imaging$electures given at the C.I.M.E. summer school held in Martina Franca, Italy, september 15-21, 2002$fLuis L. Bonilla (ed.)$gchapters by: A. Carpio ... [et al.] 210 $aBerlin$cSpringer$d2008 215 $aXI, 192 p.$d24 cm 300 $aPubblicazione disponibile anche in formato elettronico 461 1$1001VAN0102250$12001 $aLecture notes in mathematics$1210 $aBerlin [etc.]$cSpringer$v1943 500 1$3VAN0234588$aInverse problems and imaging : lectures given at the C.I.M.E. summer school held in Martina Franca, Italy, september 15-21, 2002$9376240 606 $a92C55$xBiomedical imaging and signal processing [MSC 2020]$3VANC022145$2MF 606 $a44A12$xRadon transform [MSC 2020]$3VANC022537$2MF 606 $a35Q40$xPDEs in connection with quantum mechanics [MSC 2020]$3VANC022865$2MF 606 $a85A25$xRadiative transfer in astronomy and astrophysics [MSC 2020]$3VANC025509$2MF 606 $a65R32$xNumerical methods for inverse problems for integral equations [MSC 2020]$3VANC029361$2MF 610 $aComputed Tomography$9KW:K 610 $aElectromagnetic and optical imaging$9KW:K 610 $aImage reconstruction$9KW:K 610 $aInverse Problems$9KW:K 610 $aTopological derivatives$9KW:K 610 $aX-ray tomography$9KW:K 620 $dBerlin$3VANL000066 702 1$aBonilla$bLuis L.$3VANV052163 702 1$aCarpio$bAna$3VANV052162 712 $aSpringer $3VANV108073$4650 790 1$aBonilla, L.L.$zBonilla, Luis L.$3VANV051421 790 1$aBonilla, L. L.$zBonilla, Luis L.$3VANV062023 801 $aIT$bSOL$c20240614$gRICA 856 4 $uhttps://doi.org/10.1007/978-3-540-78547-7$zhttps://doi.org/10.1007/978-3-540-78547-7 899 $aBIBLIOTECA DEL DIPARTIMENTO DI MATEMATICA E FISICA$1IT-CE0120$2VAN08 912 $aVAN0065590 950 $aBIBLIOTECA DEL DIPARTIMENTO DI MATEMATICA E FISICA$d08PREST 65-XX 0495 $e08 8188 I 20081125 996 $aInverse problems and imaging$9376240 997 $aUNICAMPANIA